00635nam a2200217 a 4500001001300000003000900013005001700022008004100039020002500080082001700105100002100122245006900143260004400212300000900256500003500265505001000300650002400310650003200334650003000366700002100396nice12345678IN_TiNIC20260116013606.0050524s1990 lona grp 000 0 eng  a0190644 c416.500a230.046bSIG aSigmkund, Paul E aLiberation Theology at the Crossroadsb Democracy Or Revolution? aLondan bOxford University Press c1990 a257p aincludes index and biblioraphy2 aIndex aLiberation-Theology aDemocracy-Religious Aspects aCatholic Church-Doctrines1 aSigmkund, Paul E